Word 7.0 : pracujeme s texty /

Hlavní autor: Hercik, Jaroslav
Jazyk: Čeština
Vydáno: Praha : GComp, 1996
Vydání: Vyd. 3.
Edice: GComp
Témata:
Externí odkaz: Digitalizovaný dokument
Fyzický popis: 371 s. ; 22 cm
Knihy
Uloženo v:
LEADER 01194nam a2200337 a 4500
001 000114348
003 CZ BrMZK
005 20190219104623.0
007 ta
008 960815s1996 xr f cze d
015 |a cnb000183360 
020 |a 80-85649-48-9 
035 |a (OCoLC)37250170 
040 |a BOA001  |b cze 
080 |a 681.3.06 Word 7.0  |2 MRF 
100 1 |a Hercik, Jaroslav  |7 ola364094  |4 aut 
245 1 0 |a Word 7.0 :  |b pracujeme s texty /  |c Jaroslav Hercik 
250 |a Vyd. 3. 
260 |a Praha :  |b GComp,  |c 1996 
300 |a 371 s. ;  |c 22 cm 
490 1 |a GComp ;  |v sv. 20 
500 |a Dostupné též v digitální podobě v aplikaci Kramerius 
653 0 |a Word 7.0  |a textové editory 
830 0 |a GComp 
856 4 1 |u http://www.digitalniknihovna.cz/mzk/uuid/uuid:23f05670-3442-11e9-b81e-005056827e52  |y Digitalizovaný dokument  |x NDK 
910 |a BOA001  |b 2-1027.705  |b TK-0261.112 
920 |a 000184618 
964 |a Word 7.0  |x příručky 
990 |a BK 
996 6 |b 2610045525  |c 2-1027.705  |l MZK  |r Sklad / do 1 hodiny  |n 25  |p p.v.  |w 000114348  |u 000010  |a 1  |e BOA001  |j MZK50  |s P 
996 7 |b 2620007350  |c TK-0261.112  |l MZK  |r Sklad / do 24 hodin  |n 1  |p kup  |w 000114348  |u 000020  |a 1  |e BOA001  |j MZK50  |s A